00234nam a22001097a 4500040000700000082000800007100001800015245004300033260002600076942000700102999001500109 cSP a382 aCHAY KONGKRUY a Agricultural trade liberalization aPhnom PenhbCHAc2012 cEK c8560d8560